| 000 | 00838cam a2200289 4500 | ||
|---|---|---|---|
| 001 | ABS62979 | ||
| 008 | 000000n2000 000 0 eng u | ||
| 035 | _a(Sirsi) u109136 | ||
| 245 | _aFocus 2000: M25 North-west | ||
| 260 | _c2000 | ||
| 490 |
_aEstates Gazette _v(0041) 14 October 2000, 115-151(10) |
||
| 590 | _aABS | ||
| 650 | _aM25 CORRIDOR | ||
| 650 | _aSPORTS FACILITIES | ||
| 650 | _aLEISURE DEVELOPMENT | ||
| 650 | _aHEMEL HEMPSTEAD | ||
| 650 | _aRETAIL DEVELOPMENT | ||
| 650 | _aPROPERTY-COMMERCIAL PROPERTY-OFFICE PROPERTY-OFFICE PROPERTY MARKET | ||
| 650 | _aRESIDENTIAL MARKET | ||
| 650 | _aBERKSHIRE | ||
| 650 | _aWATFORD | ||
| 650 | _aINDUSTRIAL DEVELOPMENT | ||
| 650 | _aHERTFORDSHIRE | ||
| 650 | _aFILM INDUSTRY | ||
| 690 | _aPROPERTY-COMMERCIAL PROPERTY-COMMERCIAL PROPERTY MARKET | ||
| 942 | _n0 | ||
| 999 |
_c65161 _d65161 |
||